[Event "Dubai op"]
[Site "Dubai"]
[Date "2002.04.24"]
[Round "8"]
[White "Othman, A Moussa"]
[Black "Hussan, Mohamed Seif"]
[Result "1-0"]
[WhiteElo "2367"]
[BlackElo "2152"]
[PlyCount "121"]
[EventDate "2002.04.15"]
[EventType "swiss"]
[EventRounds "9"]
[EventCountry "UAE"]
[SourceTitle "CBM 087 Extra"]
[Source "ChessBase"]
[SourceDate "2002.05.03"]
[SourceVersion "2"]
[SourceVersionDate "2002.08.09"]
[SourceQuality "1"]

1. d4 c5 2. d5 d6 3. e4 g6 4. Nc3 Bg7 5. Bb5+ Bd7 6. a4 Na6 7. h3 Nc7 8. Bd3 Nf6 9. Nf3 0-0 10. 0-0 Rb8 11. Re1 a6 12. a5 Nb5 13. Nb1 Nh5 14. c3 Nc7 15. Na3 e6 16. g4 Nf6 17. dxe6 Nxe6 18. Nc4 Bc6 19. e5 dxe5 20. Nfxe5 Bb5 21. Qf3 Qc7 22. Nb6 Bxd3 23. Nxd3 Rbd8 24. Nf4 Ng5 25. Qg2 Rfe8 26. Rxe8+ Rxe8 27. Be3 Nge4 28. Rd1 Re5 29. Nc4 Re8 30. g5 Nh5 31. Nxh5 gxh5 32. Qf3 Qc6 33. Nd6 Rd8 34. Nxe4 Rxd1+ 35. Qxd1 Qxe4 36. Qd8+ Bf8 37. Qd2 Qe6 38. Kg2 Be7 39. Qe2 Bxg5 40. Qxh5 Qe4+ 41. Qf3 Qxf3+ 42. Kxf3 Bd8 43. Bxc5 Bxa5 44. Ke4 Kg7 45. Kd5 Bc7 46. c4 Kf6 47. b4 Kg5 48. Be7+ Kf5 49. c5 Bf4 50. c6 bxc6+ 51. Kxc6 Ke4 52. Kb6 Bd2 53. Kxa6 Bxb4 54. Bxb4 Kf3 55. Bc5 h5 56. h4 f5 57. Kb5 Kg4 58. Kc4 Kxh4 59. Kd3 Kh3 60. Ke3 h4 61. Kf3 1-0

[Event "Dubai op"]
[Site "Dubai"]
[Date "2002.04.16"]
[Round "2"]
[White "Hussan, Mohamed Seif"]
[Black "Al Hadarani, Hatim"]
[Result "0-1"]
[WhiteElo "2152"]
[BlackElo "2351"]
[PlyCount "54"]
[EventDate "2002.04.15"]
[EventType "swiss"]
[EventRounds "9"]
[EventCountry "UAE"]
[SourceTitle "CBM 087 Extra"]
[Source "ChessBase"]
[SourceDate "2002.05.03"]
[SourceVersion "2"]
[SourceVersionDate "2002.08.09"]
[SourceQuality "1"]

1. e4 c5 2. d3 Nc6 3. f4 g6 4. Nf3 Bg7 5. Be2 d5 6. Nbd2 Nh6 7. h3 0-0 8. 0-0 b6 9. Qe1 e6 10. Rb1 Bb7 11. Nh2 Nb4 12. c3 Nxa2 13. e5 Nxc1 14. Rxc1 Nf5 15. g4 Ne3 16. g5 h5 17. Qh4 Nf5 18. Qf2 Bxe5 19. fxe5 Qxg5+ 20. Bg4 hxg4 21. Nxg4 Kg7 22. Rce1 Rh8 23. Qg2 d4 24. Ne4 Qh4 25. Kh2 dxc3 26. bxc3 Rad8 27. Rd1 c4 0-1

[Event "Abu Dhabi op 11th"]
[Site "Abu Dhabi"]
[Date "2001.09.02"]
[Round "8"]
[White "Ibrahim, Ismail"]
[Black "Hussan, Mohamed Seif"]
[Result "0-1"]
[WhiteElo "2136"]
[BlackElo "2142"]
[PlyCount "48"]
[EventDate "2001.08.25"]
[EventType "swiss"]
[EventRounds "9"]
[EventCountry "UAE"]
[SourceTitle "EXT 2002"]
[Source "ChessBase"]
[SourceDate "2001.11.25"]
[SourceVersion "1"]
[SourceVersionDate "2001.11.25"]
[SourceQuality "1"]

1. e4 c5 2. c3 g6 3. d4 cxd4 4. cxd4 d5 5. e5 Bg7 6. Nc3 Nc6 7. h3 Nh6 8. Nf3 0-0 9. Be2 Bf5 10. a3 Be4 11. 0-0 Bxf3 12. Bxf3 e6 13. g4 f6 14. Re1 fxe5 15. dxe5 Qh4 16. Bxh6 Qxh6 17. Bg2 Qf4 18. Qe2 Bxe5 19. Nxd5 Qh2+ 20. Kf1 exd5 21. Bxd5+ Kg7 22. Bxc6 Bg3 23. Bf3 Rae8 24. Qd2 Rxf3 0-1

[Event "Abu Dhabi op 09th"]
[Site "Abu Dhabi"]
[Date "1999.08.23"]
[Round "3"]
[White "Roeder, Mathias"]
[Black "Hussan, Mohamed Seif"]
[Result "1-0"]
[WhiteElo "2426"]
[BlackElo "2108"]
[PlyCount "83"]
[EventDate "1999.08.21"]
[EventType "swiss"]
[EventRounds "9"]
[EventCountry "UAE"]
[SourceTitle "EXT 2000"]
[Source "ChessBase"]
[SourceDate "1999.11.16"]
[SourceVersion "1"]
[SourceVersionDate "1999.11.16"]
[SourceQuality "1"]

1. d4 d5 2. c4 e6 3. Nf3 c5 4. cxd5 exd5 5. g3 Nc6 6. Bg2 Nf6 7. 0-0 Be7 8. Nc3 0-0 9. Bg5 cxd4 10. Nxd4 h6 11. Be3 Re8 12. Rc1 Bg4 13. Qa4 Ne5 14. Rcd1 Be6 15. Nxe6 fxe6 16. Bd4 Nc6 17. Bxf6 Bxf6 18. Nxd5 Bxb2 19. Qb3 Be5 20. Qxb7 Nd4 21. Ne7+ Qxe7 22. Qxe7 Rxe7 23. Bxa8 Nxe2+ 24. Kg2 Nc3 25. Rd2 Kf7 26. Re1 Bf6 27. Bc6 a5 28. Re3 a4 29. a3 g6 30. Rdd3 Nd5 31. Bxd5 exd5 32. Rxe7+ Bxe7 33. Rxd5 Bxa3 34. Ra5 Be7 35. Rxa4 h5 36. Ra6 h4 37. g4 g5 38. h3 Bb4 39. Kf3 Be1 40. Ke2 Bc3 41. Kd3 Bf6 42. Ke4 1-0